200 English singers - Statistics

General Stats
  • This quiz has been taken 116 times
  • The average score is 70 of 250
Answer Stats
Hint Answer % Correct
Dancing Queen Abba
94%
Imagine John Lennon
81%
Stayin' Alive Bee Gees
80%
Smells Like Teen Spirit Nirvana
80%
Wonderwall Oasis
80%
Hotel California Eagles
79%
I Will Always Love You Whitney Houston
79%
Jailhouse Rock Elvis Presley
77%
Purple Rain Prince
77%
Radio Ga Ga Queen
77%
Toxic Britney Spears
76%
My Heart Will Go On Céline Dion
76%
I'm Still Standing Elton John
76%
Wrecking Ball Miley Cyrus
76%
Highway To Hell AC/DC
74%
Wannabe Spice Girls
74%
The Real Slim Shady Eminem
73%
Jenny from the Block Jennifer Lopez
73%
Every Breath You Take The Police
73%
Sweet Child O' Mine Guns N' Roses
71%
Space Oddity David Bowie
70%
Jolene Dolly Parton
70%
Born This Way Lady Gaga
69%
Vogue Madonna
69%
Another Brick In The Wall Pink Floyd
69%
No Woman No Cry Bob Marley
67%
I Will Survie Gloria Gaynor
67%
Never Gonna Give You Up Rick Astley
66%
Chandelier Sia
66%
Watermelon Sugar Harry Styles
64%
What A Wonderful World Louis Armstrong
64%
I Gotte Feeling The Black Eyed Peas
63%
Halo Beyoncé
61%
Heart Of Glass Blondie
61%
Total Eclipse of the Heart Bonnie Tyler
61%
Hollaback Girl Gwen Stefani
61%
The Sound Of Silence Simon & Garfunkel
61%
I Don't Want to Miss a Thing Aerosmith
60%
Respect Aretha Franklin
60%
Everybody (Backstreet’s Back) Backstreet Boys
60%
Sexual Healing Marvin Gaye
60%
Fly Me To The Moon Frank Sinatra
59%
The Final Countdown Europe
57%
Rasputin Boney M
56%
Whenever Wherever Shakira
56%
Zombie The Cranberries
56%
Sultans Of Swing Dire Straits
54%
Sweet Dreams (Are Made of It) Eurythmics
54%
Boulevard of Brokean Dreams Green Day
54%
Someone Like You Adele
53%
Born To Run Bruce Springsteen
53%
Somebody That I Used To Know Gotye
53%
House of the Rising Sun The Animals
53%
Don't You (Forget About Me) Simple Minds
51%
The Lazy Song Bruno Mars
50%
Clocks Coldplay
50%
All Along the Watchtower Jimi Hendrix
49%
Cry Me A River Justin Timberlake
49%
Anaconda Nicki Minaj
49%
Californication Red Hot Chili Peppers
49%
She Bangs Ricky Martin
49%
Everybody Wants To Rule The World Tears For Fears
49%
California Dreamin' The Mamas & The Papas
49%
Bitter Sweet Symphony The Verve
49%
Ring of Fire Johnny Cash
47%
Blank Space Taylor Swift
47%
Johnny B. Good Chuck Berry
46%
Do You Really Want To Hurt Me Culture Club
46%
Enter Sandman Metallica
46%
Love Me Do The Beatles
46%
Symphathy For The Devil The Rolling Stones
46%
Baba O’Riley The Who
46%
Sunday Bloody Sunday U2
46%
It's Oh So Quiet Björk
44%
Believe Cher
44%
Knockin' On Heaven's Door Bob Dylan
43%
Son of a Preacher Man Dusty Springfield
43%
You're Still The One Shania Twain
43%
Video Killed The Radio Star The Buggles
43%
Delilah Tom Jones
43%
Paranoid Black Sabbath
41%
Betti David Eyes Kim Carnes
41%
Heart Of Gold Neil Young
41%
Hit The Road Jack Ray Charles
41%
Unchained Melody The Righteous Brothers
41%
7 Rings Ariana Grande
40%
The Way We Were Barbra Streisand
40%
Diamonds are a Girl's Best Friend Marilyn Monroe
40%
Angels Robbie Williams
40%
All Star Smash Mouth
40%
One Step Beyond Madness
39%
Clint Eastwood Gorillaz
37%
Funckytown Lipps Inc.
37%
Let's Stay Together Al Green
36%
Walking On Sunshine Katrina & The Waves
36%
Psycho Killer Talking Heads
36%
With a Little Help from My Friends Joe Cocker
34%
Grace Kelly Mika
34%
Wouldn't It Be Nice The Beach Boys
34%
When the Going Gets Tough, the Tough Get Going Billy Ocean
33%
We Don't Talk Anymore Charlie Puth
33%
I Feel Love Donna Summer
33%
Reach Out (I'll Be There) Four Tops
33%
Barracuda Heart
33%
Yummy Justin Bieber
33%
You Can't Hurry Love The Supremes
33%
I Think We're Alone Now Tiffany
33%
Yes Sir, I Can Boogie Baccara
31%
Piece Of My Heart Janis Joplin
31%
Immigrant Song Led Zeppelin
31%
Get Ur Freak On Missy Elliott
30%
All The Small Things Blink 182
29%
Call Me Baby Carly Rae Jepsen
27%
Bad Day Daniel Powter
27%
Lust For Life Iggy Pop
27%
Whole Lotta Shakin' Goin' On Jerry Lee Lewis
27%
I Was Made For Lovin' You Kiss
27%
Family Affair Mary J. Blige
27%
It Must Have Been Love Roxette
27%
What's Up 4 Non Blondes
26%
Baker Street Gerry Rafferty
26%
Don't Sleep in the Subway Petula Clark
26%
I Don't Want To Talk About It Rod Stewart
26%
Can't Take My Eyes Of Off You Andy Williams
23%
Runaway Del Shannon
21%
Beds Are Burning Midnight Oil
21%
Fortunate Song Creedence Clearwater Revival
20%
Enjoy The Silence Depeche Mode
20%
Fame Irene Cara
20%
The Best Tina Turner
20%
Girls Just Want To Have Fun Cindy Lauper
19%
Cats in the Cradle Harry Chapin
19%
It's A Man's Man's Man's World James Brown
19%
Both Sides Now Joni Mitchell
19%
Suddenly I See KT Tunstall
19%
Without You Mariah Carey
19%
Smalltown Boy Bronski Beat
17%
Candyman Christina Aguilera
17%
No Milk Today Herman's Hermits
17%
Dust in the Wind Kansas
17%
When I Fall in Love Nat King Cole
17%
You Know I'm No Good Amy Winehouse
16%
All For You Janet Jackson
16%
Cambodia Kim Wilde
16%
Man Down Rihanna
16%
Lose You To Love Me Selena Gomez
16%
Please Mr. Postman The Marvelettes
16%
If I Ain't Got You Alicia Keys
14%
It's Raining Men Geri Halliwell
14%
The Trooper Iron Maiden
14%
Born To Die Lana Del Rey
14%
Porcelain Moby
14%
This Ain't A Scene, It's An Arms Race Fall Out Boy
13%
Leaving On A Jet Plane John Denver
13%
Toosie Slide Drake
11%
In Between Days The Cure
10%
Happier Ed Sheeran
9%
Burnin' Up Jonas Brothers
9%
A Little More Love Olivia Newton-John
9%
Still Loving You Scorpions
9%
2 Times Ann Lee
7%
Somewhere Over The Rainbow Israel Kamakawiwo'ole
7%
I Can See Clearly Now Jimmy Cliff
7%
Teardrop Massive Attack
7%
It's My Life Talk Talk
7%
People Get Ready The Impressions
7%
Dear Mama 2Pac
6%
No Guidance Chris Brown
6%
Breaking The Habit Linkin Park
6%
Sinnerman Nina Simone
6%
Istanbul (Not Constantinople) They Might Be Giants
6%
Tell Me You Love Me Demi Lovato
4%
Here With Me Dido
4%
Watcher Of The Skies Genesis
4%
Pursuit Of Happiness Kid Cudi
4%
Walk Me Home Pink
4%
Just A Touch Of Love (Everyday) C & C Music Factory
3%
Only Time Enya
3%
One Way Ticket Eruption
3%
Freed From Desire Gala
3%
Heavy Cross Gossip
3%
Just An Illusion Imagination
3%
You Raise Me Up Josh Groban
3%
You Beat Me To The Punch Mary Wells
3%
Smooth Criminal Mickael Jackson
3%
Time Is Running Out Muse
3%
The Arms of Mine Otis Redding
3%
Seaside The Kooks
3%
He Was A Friend Of Mine Willie Nelson
3%
Mick Jones Nicked My Pudding Dropkick Murphys
1%
I Need Some Sleep Eels
1%
Nightcall Kavinsky
1%
I Don't Want To Wait Paula Cole
1%
I Don't Care Anymore Phil Collins
1%
Just Another Day Queen Latifah
1%
Cry For You September
1%
Where Do I Begin Shirley Bassey
1%
The End of The World Skeeter Davis
1%
Mr. Sandman The Chordettes
1%
I Don't Want To Set The World On Fire The Ink Spots
1%
Reasons I Drink Alanis Morissette
0%
This Is Life Amy MacDonald
0%
Snowbird Anne Muray
0%
Into The West Annie Lenox
0%
Different Pulses Asaf Avidan
0%
Make Your Own Kind Of Music Cass Elliot
0%
People, I've been sad Christine and the Queens
0%
Waiting For My Real Life To Begin Colin Hay
0%
Say What's On Your Mind Dario G
0%
We Just Disagree Dave Mason
0%
Life Is Long David Byrne
0%
Under Your Spell Desire
0%
It's Your Move Diana Ross
0%
Where Is My Man Eartha Kitt
0%
Closer Tonight Elsten Torres
0%
Nerves of Steel Erasure
0%
Something's Got A Hold On Me Etta James
0%
There You'll Be Faith Hill
0%
Mad World Jasmine Thompson
0%
Love Lockdown Kanye West
0%
Teary Eyes Katy Perry
0%
Summer Madness Kool & The Gang
0%
Now We Are Free Lisa Gerrard
0%
Some People Liza Minelli
0%
No Surprises Malia
0%
We Are Chaos Marilyn Manson
0%
California Soul Marlena Shaw
0%
Nobody's Love Maroon 5
0%
Automatic Man Michael Sembello
0%
Man in the Rain Mike Oldfield
0%
Comanchero Moon Ray
0%
Carnival Nathalie Merchant
0%
All Good Things Nelly Furtado
0%
Sleeping Sun Nightwish
0%
Good Morning Baltimore Nikki Blonsky
0%
Half Life, Remembered Pale Saints
0%
Stir It Up Patti LaBelle
0%
Infra-Red Placebo
0%
Ain't No Sunshine Poldoore
0%
By Your Side Sade
0%
Luck Be A Lady Seal
0%
Nipsey Blue Snoop Dog
0%
Galbi Soap&Skills
0%
Some Sunny Day The Andrew Sisters
0%
Jump (For My Love) The Pointers Sisters
0%
Orchestra The Servant
0%
No Irish Need Apply The Wakes
0%
Jim and Dwight Tom Rosenthal
0%
Slim Peter Wiz Khalifa
0%
Iron Woodkid
0%
No matching quizzes found
Score Distribution
Percent of People with Each Score
Percentile by Number Answered
Your Score History
You have not taken this quiz